Famous "Brothers" Groups 👥 - Statistics

General Stats
  • This quiz has been taken 569 times
    169 since last reset
  • The average score is 10 of 19
Answer Stats
Hint Brothers % Correct
"Cinderella" "Snow White" "Little Red Riding Hood" "Rapunzel" Brothers Grimm
82%
Chico, Harpo, Groucho, Gummo, Zeppo, Duck Soup Marx Brothers
77%
Plumbers, turtles, Donkey Kong Mario Brothers
76%
Kevin, Joe, Nick, Camp Rock Jonas Brothers
73%
Dayton, Kitty Hawk, Flyer III Wright Brothers
70%
Alec, Daniel, William, Stephen, Born on the Fourth of the July Baldwin Brothers
69%
Jake, Elwood, "Gimme Some Lovin'" "Rubber Biscuit" "Soul Man" The Blues Brothers
58%
Fargo, The Big Lebowski, Raising Arizona Coen Brothers
55%
"Listen to the Music" "What a Fool Believes" "Long Train Runnin'" Doobie Brothers
51%
"Unchained Melody" "You've Lost That Lovin' Feelin'" Righteous Brothers
51%
"Wake Up Little Susie" "All I Have to Do is Dream" Everly Brothers
50%
Scary Movie, In Living Color, White Chicks Wayans Brothers
49%
"Whipping Post", "Ramblin' Man", "Jessica", At Fillmore East Allman Brothers
45%
Harry, Albert, Sam, Jack, Bugs Bunny, Rin Tin Tin, Game of Thrones Warner Brothers
42%
Circus Ringling Brothers
35%
"Shout" "It's Your Thing" "Summer Breeze" Isley Brothers
30%
Dick, Tom, Comedy Hour, "Mom always liked you best!" Smothers Brothers
28%
Dumb and Dumber, There's Something About Mary Farrelly Brothers
24%
"Block Rockin' Beats", "Setting Sun", Dig Your Own Hole The Chemical Brothers
10%
No matching quizzes found
Score Distribution
Percent of People with Each Score
Percentile by Number Answered
Your Score History
You have not taken this quiz since the last reset